Word Ladder: 7-Letter Author Quiz Stats

 Plays Quiz Updated Dec 26, 2012

     
Support Sporcle.
Go Orange.
Score 0/42 Timer 07:00
0 Plays Today
Clue 7-Letter Words % Correct
Idle talk, or what teeth do when it's coldCHATTER
94.1%
Hire a boat or planeCHARTER
90.5%
What a gum chewer blowsBUBBLES
88.4%
Los Angeles athlete, or cell phone accessoryCHARGER
86.3%
What you find on a messy desktopCLUTTER
86.2%
Cavalry maneuvers, or credit card expensesCHARGES
85.6%
Noisy commotionCLATTER
85.4%
Group of grapesCLUSTER
82.7%
Non-wizards, in Harry Potter's worldMUGGLES
75.7%
Big wind, or big talk from a windbagBLUSTER
75.1%
What a clumsy athlete does to the ballBOBBLES
75.1%
First name of a certain British novelistCHARLES
74.7%
Police officers (British slang)BOBBIES
74.6%
Repeatedly tosses balls in the airJUGGLES
74.1%
Dense wilderness forestsJUNGLES
72.2%
Robs a home while the owner is awayBURGLES
71.7%
Type of rifle, in Star WarsBLASTER
71.3%
Botches a jobBUNGLES
70.4%
They're served with mashBANGERS
69.5%
Cute sounds made by a babyBURBLES
67.9%
Perpetrators of said assaultsMUGGERS
67.7%
Clue 7-Letter Words % Correct
Foolish ones, or blue-footed sea birdsBOOBIES
66.9%
Grocery clerks, at timesBAGGERS
66.7%
Financial executivesBANKERS
63.9%
Remote area (with 'the')BOONIES
63.2%
Ones who pester, or Ender's foesBUGGERS
62.8%
BraggartBOASTER
62.7%
Victims of armed assaultMUGGEES
62.5%
Last name of a certain British novelistDICKENS
62.4%
Type of shot, seat, or rocketBOOSTER
61.3%
Canadian one-dollar coinsLOONIES
61.1%
Supporters of a cause or ventureBACKERS
59.3%
Crazier, perhaps during a full moonLOONIER
58.5%
Quarrels petulantlyBICKERS
56.4%
Bargains for a better priceDICKERS
52.7%
Wodehouse's Bertie, or an Ohio townWOOSTER
51.7%
What a more elaborate roller coaster isLOOPIER
50.7%
More silly and ridiculousGOOFIER
49%
Sounding more like a dogWOOFIER
48.8%
More slimy and stickyGOOPIER
47.8%
More sheeplike (or more confused)WOOLIER
46.9%
'Breaking Bad' parody character in ZootopiaWOOLTER
41.7%

Today's Daily Dose

From the Vault

'M' Video Games

by JonnyWalker

Gaming 6m
You might be morose if you miss too many.
Remove Ads.
Support Sporcle.
Get the best of Sporcle when you Go Orange. This ad-free experience offers more features, more stats, and more fun while also helping to support Sporcle. Thank you for becoming a member.

Show Comments

Extras

Top Quizzes Today


Score Distribution

Your Account Isn't Verified!

In order to create a playlist on Sporcle, you need to verify the email address you used during registration. Go to your Sporcle Settings to finish the process.

Report this User

Report this user for behavior that violates our Community Guidelines.

Details: